Quizzes
Events
Quiz Creation
Community
Videos
Private Events
Remove Ads
Sign In
Join for FREE
Feedback
Dark Mode
Quiz Categories
Sports
Geography
Music
Movies
Television
Just For Fun
Miscellaneous
History
Literature
Language
Science
Gaming
Entertainment
Religion
Holiday
For Kids
Quiz Lab
Recent
Popular Today
Quiz Kudos Today
Editor Picks
Curator Picks
Quizzes by...
Day
Popularity
Type
Ratings
Length
Year
Community
Subscriptions
Recent Discussions
Orange Saloon
Badges
Playlists
Quests
Create
Leaderboards
Showdown
Live 5
Trivia Bingo
Activity
Puzzle Library
Sporcle Events
Private Events
Virtual Trivia
Globe League
Become a Host
Pub Owners
SporcleCon
Opinionation
Our Games
Videos
Blog
Mobile Apps
Partnerships
Remove Ads and Go Orange
Feedback
Sports
Athletes
MLB
NBA
NHL
NFL
Soccer
Sports Teams
WWE
NCAA
Football
Premier League
Basketball
Baseball
Hockey
Golf
Tennis
Cricket
Rugby
Auto Racing
Olympics
World Cup
Sports
Athletes
MLB
NBA
NHL
NFL
Soccer
Sports Teams
WWE
NCAA
Football
Premier League
Basketball
Baseball
Hockey
Golf
Tennis
Cricket
Rugby
Auto Racing
Olympics
World Cup
Random Quiz
Search Sporcle
×
Quiz Lab
Quiz Lab
Sports
2015
Type in answers that appear in a list
Type in answers that appear in a list
Classic
Best Score? Go Orange.
Top 100 ATP (10/08/2015) Stats
Can you name the Top 100 ATP (10/08/2015)?
By
Cichi91
20m
100 Questions
57 Plays
57 Plays
57 Plays
Comments
Comments
Give Quiz Kudos
Give Quiz Kudos
-
- Ratings
hide this ad
Replay
Link that replays current quiz
Next Quiz
Link to next quiz in quiz playlist
You Got
0%
They Got
Avg Score
54%
Avg Friend Score
Upgrade to see
Score Distribution
Jump to the score distribution portion of the page
Score
0/100
Timer
20:00
0
Plays Today
Hint
Answer
% Correct
Serbia
Novak Djokovic
98.2%
Switzerland
Roger Federer
96.5%
Great Britain
Andy Murray
93%
Czech Republic
Tomas Berdych
89.5%
Spain
Rafael Nadal
89.5%
Canada
Milos Raonic
87.7%
Japan
Kei Nishikori
86%
Spain
David Ferrer
86%
Croatia
Marin Cilic
86%
United States
John Isner
86%
France
Gael Monfils
86%
France
Jo-Wilfried Tsonga
82.5%
Switzerland
Stanislas Wawrinka
80.7%
France
Richard Gasquet
80.7%
South Africa
Kevin Anderson
80.7%
France
Gilles Simon
78.9%
Belgium
David Goffin
78.9%
Bulgaria
Grigor Dimitrov
78.9%
Italy
Fabio Fognini
77.2%
Austria
Dominic Thiem
75.4%
Spain
Fernando Verdasco
75.4%
Serbia
Viktor Troicki
73.7%
Croatia
Ivo Karlovic
73.7%
Australia
Bernard Tomic
71.9%
Spain
Feliciano Lopez
70.2%
United States
Sam Querrey
70.2%
Australia
Nick Kyrgios
70.2%
Italy
Andreas Seppi
68.4%
Uruguay
Pablo Cuevas
68.4%
Spain
Roberto Bautista Agut
66.7%
Canada
Vasek Pospisil
64.9%
Luxembourg
Gilles Muller
64.9%
Cyprus
Marcos Baghdatis
64.9%
Spain
Tommy Robredo
61.4%
Hint
Answer
% Correct
United States
Jack Sock
61.4%
Germany
Philipp Kohlschreiber
59.6%
Croatia
Borna Coric
59.6%
Uzbekistan
Denis Istomin
59.6%
Brazil
Thomaz Bellucci
57.9%
Portugal
Joao Sousa
57.9%
United States
Steve Johnson
57.9%
France
Jeremy Chardy
57.9%
Argentina
Juan Monaco
56.1%
Poland
Jerzy Janowicz
56.1%
Netherlands
Robin Haase
56.1%
Argentina
Leonardo Mayer
54.4%
France
Benoit Paire
52.6%
Colombia
Santiago Giraldo
52.6%
Ukraine
Alexandr Dolgopolov
52.6%
Spain
Guillermo Garcia Lopez
50.9%
Spain
Pablo Andujar
50.9%
Italy
Simone Bolelli
50.9%
Czech Republic
Lukas Rosol
50.9%
France
Nicolas Mahut
50.9%
Lithuania
Ricardas Berankis
50.9%
United States
Donald Young
50.9%
France
Adrian Mannarino
49.1%
Slovakia
Martin Klizan
49.1%
Australia
Sam Groth
49.1%
Spain
Albert Ramos
49.1%
France
Julien Benneteau
49.1%
Spain
Marcel Granollers
49.1%
Latvia
Ernests Gulbis
49.1%
Dominican Republic
Victor Estrella Burgos
47.4%
Finland
Jarkko Nieminen
47.4%
Spain
Pablo Carreno Busta
45.6%
Argentina
Federico Delbonis
45.6%
Tunisia
Malek Jaziri
45.6%
Hint
Answer
% Correct
France
Lucas Pouille
43.9%
Belgium
Steve Darcis
43.9%
Brazil
Joao Souza
43.9%
Italy
Paolo Lorenzi
42.1%
Czech Republic
Jiri Vesely
40.4%
Argentina
Diego Schwartzman
40.4%
Germany
Alexander Zverev
40.4%
South Korea
Hyeon Chung
38.6%
Kazakhstan
Mikhail Kukushkin
36.8%
Ukraine
Sergiy Stakhovsky
36.8%
Australia
Thanasi Kokkinakis
36.8%
Austria
Andreas Haider-Maurer
33.3%
Great Britain
Aljaz Bedene
31.6%
Germany
Benjamin Becker
31.6%
Turkey
Marsel Ilhan
31.6%
Bosnia and Herzegovina
Damir Dzumhur
31.6%
Spain
Daniel Gimeno Traver
29.8%
Argentina
Guido Pella
29.8%
Australia
James Duckworth
29.8%
Russia
Teymuraz Gabashvili
28.1%
Chinese Taipei
Yen-Hsun Lu
28.1%
Germany
Dustin Brown
28.1%
Spain
Albert Montanes
28.1%
United States
Tim Smyczek
26.3%
Moldova
Radu Albot
26.3%
Australia
John Millman
24.6%
United States
Denis Kudla
21.1%
Georgia
Nikoloz Basilashvili
21.1%
Japan
Tatsuma Ito
17.5%
United States
Rajeev Ram
14%
Kazakhstan
Aleksandr Nedovyesov
7%
France
Pal-Henri Mathieu
0%
Quiz Playlist
Details
Report
Send in Message
Add To Playlist
Classic:
Type in answers that appear in a list
Last Updated: Feb 16, 2017
Quiz Scoreboard
CHALLENGE
Sign Up to Join the Scoreboard
Show All
Scores
Hide
Comments
May contain spoilers
Recently Published
Billboard Blitz: Fleetwood Mac
by CooCooCachoo
Music
15s
Presidents Visiting Landmarks
by Hejman
History
7m
An Introduction to Baseball
by treessimontrees
Sports
5m
More to Explore
Quiz From the Vault
Featured Blog Post
Where Did the Easter Bunny Come From?
hide this ad
You Might Also Like...
Tags
100
2015
ATP
Top 100
Today's Top Quizzes in Sports
Browse Sports
hide this ad
Today's Top Quizzes in 2015
Browse 2015
Top Contributed Quizzes in Sports
1
Les meilleurs buteurs des matchs entre le PSG et l’OM
2
2022 World Cup Stars
3
FIFA Club World Cup Champions
4
Les entraîneurs de l'OM et du PSG au 21e siècle
5
Criteria MLB: Left Handed Sluggers
6
AFC Teams Reveal (Wrong Answers Minefield)
7
5-to-1: UK Sports Teams
8
Name the Premier League winners with different clubs
9
5-to-1: FBS Animal Nicknames
10
Players with Multiple 50 Home Run Seasons
Explore More
Trending Topics
Harry Potter
Anime
Marvel
NBA
Kpop
Disney
Crossword
Song
Country
NFL
Soccer
Puzzle
Pokémon
The Office
WWE
hide this ad
More By:
Cichi91
Quiz
Plays
Rating
Category
Featured
Created
Top 100 ATP (10/08/2015)
57
1.00
Sports
Aug 10, 2015
Go to Creator's Profile
Score Distribution
Quiz Creator Spotlight
Cichi91
Follow
Send a Message
Quizzes Created
-
Created Quiz Play Count
-
More By This Creator
Popular Quizzes Today
1
Find the US States - No Outlines Minefield
2
Find the Countries of Europe - No Outlines Minefield
3
The Countries of the World
4
Find the US States
5
Risky Map Clicking: Biggest States A-Z
6
US States
7
Popular People in 1961
8
Movies - When Are They Set?
More Sports Quizzes
MLB Stadiums with Roofs
Quiz Lab
Trending Quizzes
Risky Map Clicking: Least Populous States A-Z
1-10 Letter G Words
1-10 Letter F Words
Risky Map Clicking: Next State Alphabetically
Risky Map Clicking: Biggest States A-Z
Recently Updated
Leaping Animals
pecheneg
Reality TV Shows (A-Z)
bhenderson79
Rickey Henderson's Hall of Fame Teammates
pecheneg
Champions League XIs: Arsenal
pecheneg
Quick Pick: Celebrities in WWE's Hall of Fame
aduchscher
A-Z Keypad Blitz II
pecheneg
Multiple Oscar Actors
pecheneg
Mystery Phrase Blitz: Oscar 'Best Actors'
pecheneg
F. Scott Fitzgerald Novels
LTH
Pick 3 Villains
ddd62291
Trending Topics
Marvel
Anime
Kpop
Disney
Harry Potter
NBA
Crossword
WWE
Soccer
Puzzle
Country
Song
Pokémon
NFL
The Office
Your Account Isn't Verified!
In order to create a playlist on Sporcle, you need to verify the email address you used during registration. Go to your
Sporcle Settings
to finish the process.
Report this User
Report this user for behavior that violates our
Community Guidelines
.
Details:
Send Report
Go to the Sporcle.com Mobile Site →
Comments